| 000 | 00763nam a2200205 a 4500 | ||
|---|---|---|---|
| 003 | 0 | ||
| 005 | 20250422084747.0 | ||
| 008 | 060727s19uu xx 00 eng d | ||
| 050 |
_aPHS HQ 759.92 _b.C47 2006 |
||
| 100 | _aChristen, Cyril Chan Robert. | ||
| 245 |
_aProfile of multicultural parents with adoptive children / _cCyril Chan Robert Christen. |
||
| 260 |
_aLas PiƱas City, Philippines : _bSouthville International School and Colleges, _c2006. |
||
| 300 |
_a31 pages : _billustrations ; _c28 cm. |
||
| 504 | _aIncludes bibliographical references. | ||
| 650 |
_aAdoptive parents _xProfiles. |
||
| 650 | _aMulticultural families. | ||
| 650 |
_aParenting _xCross-cultural studies. |
||
| 650 |
_aAdopted children _xFamily relationships. |
||
| 942 |
_2lcc _cPASS |
||
| 999 |
_c97586 _d97586 |
||